01131nab a2200229 i 4500001001000000003001000010005001700020008004100037040003000078041000800108100002800116245006800144520034500212546002300557650002600580650002400606650003100630773016600661942000800827945004900835999001700884768714001CO-MdFUSB20240731143016.0240731t1988 -us||||| |||| 00| 0 eng d bspacCO-MdFUSBdCO-MdFUSB aeng aMcClung, Grant, eautor aTheology and strategy of pentecostal missions c/ Grant McClung aPara escribir la reseña introductoria del International Bulletin of Missionary Research, los editores le pidieron a McClung, que resumiera los factores de crecimiento desde su perspectiva sobre la Iglesia Pentecostal. El da respuestas directas a tres preguntas: (1) ¿Qué creen? (2) ¿A quién reclutan? (3) ¿Cómo hacen las cosas?. aTexto en inglés. 0aEvangelización9362 0aProtestantismo9947 0aTeología práctica91800 049483982885oR2713tInternational Bulletinof Missionary Researchw(CO-MdFUSB)768714001x0272-6122gVolumen 12, (número 1, 1988), páginas: 2 - 6qpágina: 2 cANA aCatherine Arias Álvarez - Practicante SENA c70647d70647